000 00272nam a2200109Ia 4500
008 200302s9999 xx 000 0 und d
100 _aMarco Ciriello
245 _aArchitectural Design Graphics
260 _bTata Mcgraw-Hill Co. Inc.
260 _c2002
300 _a11.33 P.,
999 _c1499
_d1499